Guess the footballer born in the year 1992 - Statistics

General Stats
  • This quiz has been taken 17 times
  • The average score is 10 of 16
Answer Stats
Picture Answer % Correct
Daniel Carvajal
94%
Granit Xhaka
94%
Koke
88%
Mohamed Elneny
88%
Nick Pope
88%
Phil Jones
88%
Callum Wilson
81%
Layvin Kurzawa
81%
Jonjo Shelvey
69%
Serge Aurier
69%
Pablo Sarabia
56%
Stefan Ortega
56%
Vladimir Coufal
31%
Joël Veltman
25%
Dan Burn
19%
Stuart Armstrong
13%
No matching quizzes found
Score Distribution
Percent of People with Each Score
Percentile by Number Answered
Your Score History
You have not taken this quiz